Deuteronomy : (Record no. 57095)

MARC details
000 -LEADER
fixed length control field 00545nam a22001577a 4500
008 - FIXED-LENGTH DATA ELEMENTS--GENERAL INFORMATION
fixed length control field 211026b ||||| |||| 00| 0 eng d
020 ## - INTERNATIONAL STANDARD BOOK NUMBER
International Standard Book Number 0567087549
050 ## - LIBRARY OF CONGRESS CALL NUMBER
Classification number BS1275.2
Item number .R62 2002
100 ## - MAIN ENTRY--PERSONAL NAME
Personal name Rofé, Alexander
245 ## - TITLE STATEMENT
Title Deuteronomy :
Remainder of title |issues and interpretation /
Statement of responsibility, etc Alexander Rofé
260 ## - PUBLICATION, DISTRIBUTION, ETC. (IMPRINT)
Place of publication, distribution, etc London ;
-- New York :
Name of publisher, distributor, etc T and T Clark,|
Date of publication, distribution, etc 2002
300 ## - PHYSICAL DESCRIPTION
Extent xiii, 258 pages :
Dimensions 23 cm
500 ## - GENERAL NOTE
General note Includes bibliographical references and indexes
650 ## - SUBJECT ADDED ENTRY--TOPICAL TERM
Topical term or geographic name as entry element Bible.Deuteronomy
General subdivision Criticism, interpretation,
942 ## - ADDED ENTRY ELEMENTS (KOHA)
Source of classification or shelving scheme Library of Congress Classification
Item type Book
Holdings
Withdrawn status Lost status Source of classification or shelving scheme Damaged status Not for loan Collection code Home library Current library Shelving location Date acquired Source of acquisition Cost, normal purchase price Full call number Barcode Copy number Price effective from Koha item type
    Library of Congress Classification     Non-fiction Joshua & Timothy School of Theology Library (JTSOT) Joshua & Timothy School of Theology Library (JTSOT) General Circulation 26/10/2021 Donation-TBN 15000.00 BS1275.2 .R62 2002 067336 1 26/10/2021 Book